Szempontok az illúziótlan gondolkodáshoz
Elmentve itt :
| Szerző: | |
|---|---|
| Adatforrás: | Meister |
| Forrásdokumentuma: | Látó. - 12 sz., 1990, 1383-1413 p. |
| Nyelv: | magyar |
| Kulcsszavak: | filozófia jövő múlt antropomorfizmus valóság okság természet & társadalom történelem társadalom & természet információ fejlődés ember társadalom |
| LEADER | 00688nab a2200265 i 4500 | ||
|---|---|---|---|
| 001 | bibPRO00009991 | ||
| 008 | 060524s1990 xx hun | ||
| 040 | |a Sz1 | ||
| 041 | |a hun | ||
| 100 | 1 | |a SZÉKELY János | |
| 245 | 1 | 0 | |a Szempontok az illúziótlan gondolkodáshoz |c SZÉKELY János |
| 695 | |a filozófia | ||
| 695 | |a jövő | ||
| 695 | |a múlt | ||
| 695 | |a antropomorfizmus | ||
| 695 | |a valóság | ||
| 695 | |a okság | ||
| 695 | |a természet & társadalom | ||
| 695 | |a történelem | ||
| 695 | |a társadalom & természet | ||
| 695 | |a információ | ||
| 695 | |a fejlődés | ||
| 695 | |a ember | ||
| 695 | |a társadalom | ||
| 773 | 0 | |t Látó. - |g 12 sz., 1990, 1383-1413 p. | |